Normal view
MARC view
Entry Personal Name
001 - CONTROL NUMBER
- control field: 1959
003 - CONTROL NUMBER IDENTIFIER
- control field: HDC
005 - DATE AND TIME OF LATEST TRANSACTION
- control field: 20230624073121.0
008 - FIXED-LENGTH DATA ELEMENTS
- fixed length control field: 210101|| aca||aabn | a|a d
040 ## - CATALOGING SOURCE
- Original cataloging agency: HDC
- Transcribing agency: HDC
100 ## - HEADING--PERSONAL NAME
- Personal name: Wan Mohd Yusof Bin Wan Chik
- Titles and other words associated with a name: Dr
670 ## - SOURCE DATA FOUND
- Source citation: Work cat.: (HDC): Anas Bin Mohd Yunus author 1958, The Concept of Halalan Tayyiba and Its Application in Products Marketing, 2010
